000 00484nam a22001457a 4500
005 20260311153142.0
008 260311b |||||||| |||| 00| 0 eng d
050 _aTHE HD 2341 .B87 2016
_b1
100 _aDANIEL BUSIENEI,TOO
245 _aEVALUATION OF FACTORS AFFECTING THE USE OF INFORMATION COMMUNICATION TECHNOLOGY IN SMALL AND MEDIUM ENTERPRISES IN ELDORET KENYA
260 _aKISII
_bKSU
_c2016
300 _aXII,85P;ILL
500 _aINCLUDES REFERENCES
942 _2lcc
_cREF
999 _c216832
_d216832